| 000 | 01015nam a22002417a 4500 | ||
|---|---|---|---|
| 003 | NALT | ||
| 005 | 20251125233019.0 | ||
| 008 | s2549 th tha d | ||
| 020 | _a9742884706 | ||
| 040 | _aNALT | ||
| 041 | _atha | ||
| 090 |
_aKE131 _bพ784ค 2549 |
||
| 100 | 0 | _aพิสิษฐ์ พลรักษ์เขตต์ | |
| 245 | 1 | 0 |
_aคดีปกครองขององค์กรปกครองส่วนท้องถิ่น / _cพิสิษฐ์ พลรักษ์เขตต์. |
| 260 |
_aกรุงเทพฯ : _bวิญญูชน, _c2549. |
||
| 300 |
_a166 หน้า ; _c26 ซม. |
||
| 650 | 4 |
_aองค์กรปกครองส่วนท้องถิ่น _944329 _xคดีปกครอง |
|
| 650 | 0 | 4 | _aคดีปกครอง |
| 850 | _aNALT | ||
| 856 | 4 | 0 | _uhttps://hdl.handle.net/20.500.14156/461090 |
| 942 |
_cLB _2local |
||
| 998 |
_c103 _j111 _k นางสาวพจพิณ พรมเอี่ยม |
||
| 999 |
_c50932 _d50932 |
||